000 06799namaa22004331i 4500
003 EG-GICUC
005 20260427201830.0
008 260427s2025 ua a|||frm||| 000 0 eng d
040 _aEG-GICUC
_beng
_cEG-GICUC
_dEG-GICUC
_erda
041 0 _aeng
_beng
_bara
049 _aDeposit
082 0 4 _a617.67
092 _a617.67
_221
097 _aM.Sc
099 _aCai01.09.03.M.Sc.2025.Fa.C
100 0 _a Farah Khaled El Hindawy,
_epreparation.
245 1 0 _aCaries prevention in patients undergoing fixed appliances based orthodontic treatment using bioactive gel versus fluoride gel /
_cby Farah Khaled El Hindawy ; Supervisors Prof. Dr. Maha Abdelsalam ElBaz, Dr. Hadier Mahmoud Gad.
246 1 5 _aتقييم قدرة الوقاية من التسوس فى المرضى الذين يخضعون لعلاج تقويم الأسنان المعتمد على الأجهزة الثابتة باستخدام هلام نشط بيولوجيا مقابل هلام الفلورايد
_b تجربة سريرية عشوائية
264 0 _c2025.
300 _a104 pages :
_billustrations ;
_c25 cm. +
_eCD.
336 _atext
_2rda content
337 _aUnmediated
_2rdamedia
338 _avolume
_2rdacarrier
502 _aThesis (M.Sc)-Cairo University, 2025.
504 _aBibliography: pages 96-102.
520 3 _aAim: To evaluate the caries preventive effect of bioactive Giomer based gel during orthodontic treatment in comparison to fluoride gel using two means of caries detection. Materials and methods: A total number of 330 teeth corresponding to 16 patients assigned to orthodontic treatment with fixed appliances were randomly allocated into two equal groups (n=165 teeth). Group 1 (intervention group) was given Giomer based gel while Group 2 (control group) received Fluoride gel (sodium fluoride 2%). At each recall visit, the caries preventive efficacy of both materials was evaluated by careful teeth examination using two methods of caries detection: The laser-based fluorescence device DIAGNOdent and visual examination in accordance with the International Caries Detection and Assessment System ICDAS II. Results: Intergroup comparison showed no significant difference between both materials in terms of caries prevention along different follow-up periods. Intragroup comparison within Pro-care gel has shown a statistically significant increase in DIAGNOdent readings with time (P < 0. 00001). Intragroup comparison within Fluoride group has shown a statistically significant increase in DIAGNOdent readings with time (P < 0. 00001). Similarly, when evaluated following ICDAS criteria, Intragroup comparison within both groups has shown statistically significant change in ICDAS-II scores with time (P < 0. 00001). Conclusion: Bioactive Giomer based gel (PRG PRO CARE GEL) is effective in reducing the incidence of white spot lesions in orthodontic patients and can be successfully used as a caries preventive aid in orthodontic patients.
520 3 _aيُنصح بالعلاج التقويمي عادةً لمعالجة سوء الإطباق، ويهدف هذا العلاج ليس فقط إلى تحسين المظهر الجمالي للأسنان، بل أيضًا إلى تعزيز الفوائد الصحية العامة والرفاهية. ومع ذلك، لا يزال خطر تطوّر البقع البيضاء حول حاصرات التقويم يشكل تحديًا متزايدًا يواجهه الأطباء. ولسوء الحظ، وعلى الرغم من التقدم الحديث في المواد والتقنيات، فقد تم الإبلاغ عن ظهور البقع البيضاء في ما يصل إلى 96٪ من المرضى الخاضعين للعلاج التقويمي، مما يبرز الحاجة إلى البحث عن مواد جديدة قد تتفوق على الفلورايد أو تعمل معه بشكل تكاملي لتقليل عبء تسوس الأسنان لدى مرضى التقويم تُعد المواد الحيوية النشطة من الوسائل الواعدة في الوقاية من التسوس. وبالتالي، كان الهدف من هذه الدراسة هو التقييم السريري لتأثير جل قائم على الجيومر الحيوي في الوقاية من التسوس، بالمقارنة مع جل الفلورايد شملت الدراسة 330 سنًا تعود لـ 16 مريضًا خضعوا لعلاج تقويمي باستخدام أجهزة ثابتة. تم توزيعهم عشوائيًا إلى مجموعتين: المجموعة الأولى تلقت جلًا قائمًا على الجيومر الحيوي، بينما تلقت المجموعة الثانية جل الفلورايد. تم تطبيق كلا المنتجين وفقًا لتعليمات الشركة المصنعة. تم تقييم المرضى في البداية، ثم بعد 3 و6 و9 و12 شهرًا باستخدام وسيلتين للكشف عن التسوس: ونظام الكشف والتقييم الدولي للتسوس(DIAGNOdent) جهازالكشف بالليزر أظهرت النتائج عدم وجود فرق معنوي بين المجموعتين من حيث الوقاية من التسوس. كلا المادتين كانتا فعالتين في تقليل حدوث البقع البيضاء، لكنهما لم تتمكنا من منع ظهورها تمامًا. لذلك، فإن هذه المواد تُعد وسائل مساعدة فقط في الوقاية من التسوس، ويجب أن تُستخدم بالتزام صارم بإجراءات النظافة الفموية من جانب المريض. وقد تم تأكيد الفرضية الصفرية. يمكن استخدام جل الجيومر الحيوي بنجاح كوسيلة مساعدة في الوقاية من التسوس لدى مرضى التقويم والمرضى ذوي الخطورة العالية للإصابة بالتسوس، لكن هناك حاجة لإجراء دراسات بمتابعة أطول
530 _aIssues also as CD.
546 _aText in English and abstract in Arabic & English.
650 0 _a‪Dental caries
650 0 _aتسوس الأسنان
653 1 _awhite spot lesions WSLS
_aorthodontic treatment
_afixed appliances
_aprevention
_agiomer technology
_aFluoride,pro care gel
_aS-PRG filler
_aDIAG MOdent
700 0 _aMaha Abdelsalam ElBaz
_ethesis advisor.
700 0 _aHadier Mahmoud Gad
_ethesis advisor.
900 _b01-01-2025
_cMaha Abdelsalam ElBaz
_cHadier Mahmoud Gad
_dAhmed Zoheir El Hoshy
_dSameh Mahmoud Nabeeh
_UCairo University
_FFaculty of Dentistry
_DDepartment of Restorative and Esthetic Dentistry
905 _aShimaa
942 _2ddc
_cTH
_e21
_n0
999 _c179773